Instalación de una unidad prestadora de servicios químicos industriales adscrita a la facultad de ingeniería Química de la Universidad Nacional de Ingeniería

Plantea la ecuación de una unidad prestadora de servicios químicos industriales de capacitación, asesorías y análisis de laboratorios químicos y de procesos en las especialidades de alimentos. La unidad brindara a la pequeña, mediana y gran industria del país, así como organizaciones e inst...

Full description

Bibliographic Details
Main Authors: Chavarría Carrión, Sixto L., Moreno Villegas, José Alberto, Sú Aguilar, Agustín
Other Authors: Tutor: Rojas Zambrana, Silvio Andrés
Format: Tesis Section = Libro
Language:Undetermined
Spanish
Published: Managua UNI 2005
Subjects:
LEADER 01756nam a2200265Ia 4500
008 240830s9999 xx 000 0 und d
040 |a BIBLIOTECA-RUPAP T.Mon 660 CH512 
041 |a spa 
082 |a T.Mon 660 CH512 
100 1 |a Chavarría Carrión, Sixto L. 
100 1 |b Moreno Villegas, José Alberto 
100 1 |c Sú Aguilar, Agustín 
245 1 0 |a Instalación de una unidad prestadora de servicios químicos industriales adscrita a la facultad de ingeniería Química de la Universidad Nacional de Ingeniería 
260 |a Managua  |b UNI  |c 2005 
300 |a 117 p. :il. 
502 |a Tesis (Máster en Gerencia de Proyectos de Desarrollo)- UNI, 2005. 
520 3 |a Plantea la ecuación de una unidad prestadora de servicios químicos industriales de capacitación, asesorías y análisis de laboratorios químicos y de procesos en las especialidades de alimentos. La unidad brindara a la pequeña, mediana y gran industria del país, así como organizaciones e instituciones en las especialidades de alimentos y bebidas, análisis de procesos, análisis biológicos y microbiológicos, ingeniería sanitaria, medio ambiente y control de calidad, aprovechando la calidad intelectual tecnológica y de infraestructura con que dispone la facultad de Ingeniería Química (FIQ) de la Universidad Nacional de Ingeniería (UNI). 
650 7 |a INGENIERÍA QUÍMICA - PROYECTOS DE DESARROLLO. 
650 7 |b SERVICIOS PROFESIONALES - QUÍMICOS INDUSTRIALES. 
650 7 |c CAPACITACIÓN - ASESORÍA - CONSULTORÍA - SERVICIOS QUÍMICOS. 
650 7 |d ESTUDIO DE MERCADO - POLÍTICAS - ESTRATEGIA DE DESARROLLO 
700 1 |a Tutor:  |b Rojas Zambrana, Silvio Andrés 
942 |c BK  |2 ddc 
991 |a TESIS 
999 |c 18783